Responses for Show #7766 - Monday, May 21, 2018

Josh Hill game 4.

Contestants

[<< previous game]

Gary Waters, a college math teacher from Toronto, Ontario, Canada

Kate Fink, a journalism professor from New York, New York

Josh Hill, a network engineer from North Little Rock, Arkansas (whose 3-day cash winnings total $82,886)

[next game >>]

Jeopardy! Round responses

JEFF BRIDGES
THE AMERICAN REVOLUTION
THE 2017 IG NOBEL PRIZES
HOMOPHONIC PAIRS
BIBLE STUDY
CRIME SCENES IN CLUE
(Alex: The game.)
    $200 2
Tron

Kate
    $200 16
their freedom

Josh
    $200 7
blood

Josh
    $200 8
a Sunday sundae

Kate
    $200 15
the Father, the Son & the Holy Spirit

Josh
    $200 1
a library

Josh
    $400 3
(Alex: The Dude abides, yes.)

The Big Lebowski

Kate
    $400 18
Hamilton

Josh
    $400 22
(Josh: What are twins?)
(Alex: Be more specific.)

identical twins

Josh
    $400 9
the lone loan

Gary
    $400 17
Esau

Josh
    $400 13
the kitchen

Gary
    $600 4
cars

Gary
    $600 20
Bunker Hill

Gary
    $600 26
the crocodile

Triple Stumper
    $600 10
(Josh: What are the cows' cows?)

the heard herd

Josh
Triple Stumper
    $600 19
Psalms

Triple Stumper
    $600 14
a lounge

Josh
    $800 5
Hell or High Water

Triple Stumper
    $800 24
Yorktown

Josh
    $800 27
a didgeridoo

Kate
    $800 11
a fair fare

Kate
    $300 21
(Gary: What is Acts?)

Jude

Gary
    $800 28
a conservatory

Kate
    $1000 6
(Alex: Sport very much in the news in the past year.)

gymnastics

Triple Stumper
    $1000 25
(Alex: With less than a minute to go now.)

Common Sense

Josh
    $1000 12
a beech beach

Triple Stumper
    $1000 23
(Josh: What is Proverbs?)

Ecclesiastes

Josh
Triple Stumper
    $1000 29
[The end-of-round signal sounds.]

the dining room

Triple Stumper

Scores at the first commercial break (after clue 15):

Josh Kate Gary
$600 $1,600 $1,400

Scores at the end of the Jeopardy! Round:

Josh Kate Gary
$2,800 $3,200 $1,700

Double Jeopardy! Round responses

BEAUX BRIDGES
OLD NAMES FOR CHEMICAL ELEMENTS
TRADEMARKS
AFRICAN-AMERICAN SPORTS FIRSTS
WRITERS NOT WRITING
"YI" OUGHTA...!
(Alex: "Y-I" coming up in each correct response.)
    $400 8
Argentina

Josh
    $400 1
copper

Gary
    $400 4
Xerox

Josh
    $400 12
(Alex: It was the very first Derby.)

the Kentucky Derby

Josh
    $400 6
World War I

Gary
    $400 5
a lobbyist

Josh
    $800 9
Iran

Gary
    $800 2
(Kate: What is silver?)

gold

KateGary
    $800 15
-sicle

Josh
    $800 13
bobsled

Kate
    $800 16
New York

Gary
    $800 7
boyish

Josh
    $1200 20
Tampa Bay

Kate
    $1200 3
mercury

Josh
    $4,000 19
Q-Tip

Josh
    $1,000 14
the LPGA

Kate
    $1200 17
(Gary: What are clams?)
(Kate: What are snails?

oysters

KateGary
Triple Stumper
    $1200 23
yield

Gary
    $1600 27
a sash

Josh
    $1600 10
plumbum

Gary
    $1600 21
(Josh: What is Solo?)

Styrofoam

Josh
Triple Stumper
    $1600 26
(Gary: Who is Howard?)

(Roy) Campanella

JoshGary
    $1600 18
O. Henry

Josh
    $1600 24
(Alex: Less than a minute now.)

a praying mantis

Gary
    $2000 11
antimony

Josh
    $2000 22
(Gary: What is Benjamin Moore?)

Dutch Boy

Gary
Triple Stumper
    $2000 28
[The end-of-round signal sounds.]

(Tony) Dungy

Gary
    $2000 25
pinyin

Josh

Scores at the end of the Double Jeopardy! Round:

Josh Kate Gary
$18,400 $4,200 $6,500
(lock game)

[wagering suggestions for these scores]

Final Jeopardy! Round responses

U.S. GEOGRAPHIC HISTORY
(Alex: [To Josh] An armory that was raided by John Brown and his associates.)
KateWhat is ?
$4,100
GaryWhat is West Point?
$2,000
JoshWhat is Harpers Ferry?
$1,244
Harpers Ferry

Final scores:

Josh Kate Gary
$19,644 $100 $4,500
4-day champion: $102,530 3rd place: $1,000 2nd place: $2,000

Game dynamics:

Coryat scores:

Josh Kate Gary
$15,600 $4,400 $6,800
23 R
(including 1 DD),
3 W
9 R
(including 1 DD),
2 W
13 R,
4 W
(including 1 DD)

Combined Coryat: $26,800

[game clues] [game scores] [suggest correction]

Game tape date: 2018-02-06
The J! Archive is created by fans, for fans. Scraping, republication, monetization, and malicious use prohibited; this site may use cookies and collect identifying information. See terms. The Jeopardy! game show and all elements thereof, including but not limited to copyright and trademark thereto, are the property of Jeopardy Productions, Inc. and are protected under law. This website is not affiliated with, sponsored by, or operated by Jeopardy Productions, Inc. Join the discussion at JBoard.tv.